Statistics for 10 Famous People Named Joe

Click here to take the quiz!

General Stats

  • This quiz has been taken 33,331 times
    (16,677 since last reset)
  • The average score is 5 of 10

Answer Stats

ClueFamous Joe% Correct
He ruled Russia with an iron fistJoseph Stalin
97%
Obama's Vice PresidentJoe Biden
90%
Chief Nazi propagandistJoseph Goebbels
56%
Founder of the Mormon churchJoseph Smith
54%
"My Cousin Vinny" and "Goodfellas" starJoe Pesci
52%
"Where have you gone, our nation turns its lonely eyes to you"Joe Dimaggio
38%
"Heart of Darkness" authorJoseph Conrad
35%
Boxing's "Brown Bomber", he held the heavyweight title for over a decadeJoe Louis
31%
Lead singer of The ClashJoe Strummer
23%
British surgeon who pioneered sterile techniqueJoseph Lister
16%

Score Distribution

Percentile by Number Answered

Percent of People with Each Score

Your Score History

You have not taken this quiz since the last reset